Statistics for New York Knicks 2010's Starters

Click here to take the quiz!

General Stats

  • This quiz has been taken 692 times
    (601 since last reset)
  • The average score is 11 of 30

Answer Stats

PlayerStarts% Correct
Carmelo Anthony6
99%
Kristaps Porzingis3
76%
Tyson Chandler3
75%
Wilson Chandler2
74%
Jason Smith1
73%
Amar'e Stoudemire2
71%
Derrick Rose1
61%
Iman Shumpert3
52%
Raymond Felton3
48%
Jason Kidd1
45%
Courtney Lee2
43%
David Lee1
43%
Joakim Noah1
43%
Tim Hardaway Jr.2
42%
Danilo Gallinari2
35%
Kevin Knox1
33%
Jarrett Jack1
28%
Enes Kanter1
27%
Landry Fields2
24%
Emmanuel Mudiay1
21%
Jose Calderon2
21%
Robin Lopez1
19%
Andrea Bargnani1
17%
Arron Afflalo1
12%
Langston Galloway1
12%
Chris Duhon1
8%
Damyean Dotson1
7%
Jared Jeffries1
7%
Lou Amundson1
6%
Noah Vonleh1
6%

Score Distribution

Percentile by Number Answered

Percent of People with Each Score

Your Score History

You have not taken this quiz since the last reset